[Event "World Rapid 2025"]
[Site "Doha QAT"]
[Date "2025.12.28"]
[Round "10.57"]
[White "Saraci, Nderim"]
[Black "Martinez Alcantara, Jose Eduardo"]
[Result "1/2-1/2"]
[WhiteTitle "IM"]
[BlackTitle "GM"]
[WhiteElo "2461"]
[BlackElo "2667"]
[WhiteFideId "6351921"]
[BlackFideId "3805662"]
[EventDate "2025.12.26"]

1. Nf3 Nf6 2. g3 b6 3. Bg2 Bb7 4. O-O g6 5. c4 Bg7 6. d4 O-O 7. Nc3 Ne4 8. Nxe4
Bxe4 9. Be3 d6 10. Qd2 Nd7 11. Bh6 e6 12. Bxg7 Kxg7 13. Rfd1 Nf6 14. Rac1 Qe7
15. Ne1 Rad8 16. Nd3 Bxg2 17. Kxg2 a5 18. f3 e5 19. dxe5 dxe5 20. Qc3 Rfe8 21.
Nf2 Rd4 22. e3 Rd7 23. Rxd7 Nxd7 24. Rd1 Nc5 25. Ne4 Nxe4 26. fxe4 h5 27. Qd3
Qc5 28. h4 Re6 29. Qc3 Qe7 30. c5 bxc5 31. Qxa5 g5 32. Rh1 Rg6 33. hxg5 Qxg5 34.
Qe1 Qg4 35. Qf2 Rf6 36. Qe1 Qxe4+ 37. Kg1 Qf3 38. Rh2 Rg6 39. Rg2 Qe4 40. a3 Qf3
41. Qc3 Rg5 42. Qe1 f6 43. Qf2 Qe4 44. Qe2 c4 45. Kh2 Kh6 46. Rf2 f5 47. Qf3
Qxf3 48. Rxf3 Kg6 49. e4 fxe4 50. Rc3 Rf5 51. Kg2 Rf6 52. Rxc4 e3 53. Rc2 e4 54.
Re2 Rd6 55. Rxe3 Rd2+ 56. Kf1 Kf5 57. Re2 Rd3 58. Rc2 Rxg3 59. Rxc7 Rb3 60. Rc2
h4 61. a4 Rb4 62. a5 Ra4 63. b4 Kf4 64. Kg2 Ke3 65. b5 Rxa5 66. Rb2 Ra7 67. b6
Rb7 68. Kf1 h3 69. Rb5 Kd3 70. Rd5+ Ke3 71. Rb5 Rh7 72. Kg1 Rb7 73. Kh2 Kf3 74.
Rf5+ Ke2 75. Rf6 Rh7 76. Rc6 e3 77. Rc7 Rh6 78. b7 Rb6 79. Kxh3 Kf2 80. Rf7+ Ke1
81. Kg2 Rb4 82. Re7 e2 83. Kf3 Rb3+ 84. Re3 Rxe3+ 1/2-1/2

[Event "World Rapid 2025"]
[Site "Doha QAT"]
[Date "2025.12.28"]
[Round "10.58"]
[White "Salem, A.R. Saleh"]
[Black "Uskov, Artem"]
[Result "1/2-1/2"]
[WhiteTitle "GM"]
[BlackTitle "GM"]
[WhiteElo "2635"]
[BlackElo "2516"]
[WhiteFideId "9301348"]
[BlackFideId "34254854"]
[EventDate "2025.12.26"]

1. e4 c5 2. Nf3 d6 3. d4 cxd4 4. Nxd4 Nf6 5. Nc3 a6 6. Bg5 Nbd7 7. Bc4 Qb6 8.
Bb3 e6 9. Qd2 Be7 10. O-O-O Nc5 11. f3 Qc7 12. Kb1 Bd7 13. Qe2 b5 14. a3 Rb8 15.
f4 h6 16. Bh4 b4 17. axb4 Rxb4 18. e5 dxe5 19. fxe5 Nxb3 20. cxb3 Nd5 21. Nxd5
exd5 22. Bxe7 Kxe7 23. Rhf1 Qb6 24. e6 Bxe6 25. Rf4 Rb8 26. Qe3 Rxb3 27. Qxb3
Qxb3 28. Nxb3 Rxb3 29. Ra4 Rb6 30. Rc1 Kd6 31. Rc3 Bd7 32. Rf4 Be6 33. Re3 Rc6
34. g3 g6 35. Rc3 Rb6 36. Kc1 Bf5 37. Re3 Rc6+ 38. Rc3 Rb6 39. b3 Ke5 40. Re3+
Be4 41. Rxf7 Rc6+ 42. Kd1 Kd4 43. Re2 Rc3 44. Rb2 Ke3 45. Re2+ Kd4 46. Rb2 Ke3
47. Re2+ 1/2-1/2

[Event "World Rapid 2025"]
[Site "Doha QAT"]
[Date "2025.12.28"]
[Round "10.59"]
[White "Agmanov, Zhandos"]
[Black "Donchenko, Alexander"]
[Result "0-1"]
[WhiteTitle "IM"]
[BlackTitle "GM"]
[WhiteElo "2471"]
[BlackElo "2661"]
[WhiteFideId "13708309"]
[BlackFideId "24603295"]
[EventDate "2025.12.26"]

1. e4 c5 2. c3 d5 3. exd5 Qxd5 4. d4 Nf6 5. Nf3 e6 6. Be2 cxd4 7. cxd4 Nc6 8.
Nc3 Qd6 9. O-O Be7 10. Be3 O-O 11. Re1 Ng4 12. Qd2 Nxe3 13. Qxe3 Nb4 14. Rac1
Bd7 15. Ne5 Bc6 16. Nxc6 bxc6 17. Ne4 Qc7 18. Bc4 Rfd8 19. a3 Nd5 20. Bxd5 Rxd5
21. Nc3 Rh5 22. g3 Qb6 23. Na4 Qb5 24. Qf3 Qd5 25. Qxd5 Rxd5 26. Rxc6 Rxd4 27.
Nc3 Rd7 28. Rd1 Rxd1+ 29. Nxd1 g6 30. Kf1 Bd8 31. Ne3 Kf8 32. Nc4 Ke7 33. Ra6
Bc7 34. b4 Kd7 35. b5 Rb8 36. a4 Rb7 37. Ke2 f6 38. Na5 Bxa5 39. Rxa5 Kd6 40.
Ra6+ Kd5 41. Rc6 g5 42. Ke3 h5 43. h3 Rh7 44. Rc8 h4 45. g4 Rb7 46. Rc6 Rb6 47.
Rc1 a6 48. Rd1+ Kc5 49. Rc1+ Kd5 50. Rd1+ Ke5 51. Rb1 axb5 52. a5 Rb8 53. a6 Kd6
54. a7 Ra8 55. Rxb5 Rxa7 56. Rb6+ Ke7 57. Rb3 Ra5 58. f4 gxf4+ 59. Kxf4 Kf7 60.
Kf3 Kg6 61. Rb8 Ra3+ 62. Kg2 Ra2+ 63. Kg1 Kg5 64. Rf8 e5 65. Re8 Kf4 66. Re6 Kg5
67. Kh1 Rf2 68. Kg1 Rf4 69. Kh1 0-1

[Event "World Rapid 2025"]
[Site "Doha QAT"]
[Date "2025.12.28"]
[Round "10.60"]
[White "Begmuratov, Khumoyun"]
[Black "Najer, Evgeniy"]
[Result "1/2-1/2"]
[WhiteTitle "IM"]
[BlackTitle "GM"]
[WhiteElo "2451"]
[BlackElo "2619"]
[WhiteFideId "14210207"]
[BlackFideId "4118987"]
[EventDate "2025.12.26"]

1. e4 c5 2. c3 Nf6 3. e5 Nd5 4. Bc4 Nb6 5. Bb3 d6 6. exd6 c4 7. Bc2 Qxd6 8. Ne2
Nc6 9. b3 g6 10. Na3 Be6 11. bxc4 Nxc4 12. Nb5 Qb8 13. d4 Bd7 14. Bd3 N6a5 15.
Rb1 Bg7 16. Bf4 e5 17. dxe5 Nxe5 18. Bc2 Nac4 19. Bd3 Na5 20. Be4 O-O 21. O-O
Bc6 22. Bxc6 Naxc6 23. Ned4 Ne7 24. Bg3 a6 25. Na3 Qc8 26. Qb3 b5 27. Rfe1 N7c6
28. Rbd1 Re8 29. h3 Ra7 30. f4 Nxd4 31. cxd4 Nc6 32. Rxe8+ Qxe8 33. Bf2 Rd7 34.
d5 Ne7 35. Nc2 Qd8 36. Ne3 Nc8 37. a4 Nd6 38. axb5 axb5 39. Ng4 Ne4 40. Ne5 Rd6
41. Be3 Nf6 42. Nc6 Qe8 43. Bc5 Rd7 44. d6 Qc8 45. Qxb5 Bf8 46. Re1 Rxd6 47.
Bxd6 Bxd6 48. f5 g5 49. Rd1 Bf8 50. Rd8 Qc7 51. Ra8 Qd6 52. Rd8 Qg3 53. Qb4 Nd7
54. Ne7+ Kg7 55. Qd4+ Nf6 56. Nd5 Bc5 57. Rg8+ Kh6 58. Qxc5 Qe1+ 59. Kh2 Ng4+
60. hxg4 Qh4+ 61. Kg1 Qe1+ 62. Kh2 Qh4+ 1/2-1/2

[Event "World Rapid 2025"]
[Site "Doha QAT"]
[Date "2025.12.28"]
[Round "10.61"]
[White "Yilmaz, Mustafa"]
[Black "Iniyan, Pa"]
[Result "1/2-1/2"]
[WhiteTitle "GM"]
[BlackTitle "GM"]
[WhiteElo "2595"]
[BlackElo "2598"]
[WhiteFideId "6302718"]
[BlackFideId "25002767"]
[EventDate "2025.12.26"]

1. Nf3 Nf6 2. c4 e6 3. Nc3 d5 4. d4 c6 5. e3 Nbd7 6. Qc2 Bd6 7. Be2 O-O 8. O-O
Qe7 9. c5 Bc7 10. e4 e5 11. exd5 Nxd5 12. Nxd5 cxd5 13. c6 bxc6 14. Qxc6 Nb6 15.
dxe5 Bxe5 16. Bd3 Bf6 17. Re1 Be6 18. Qc2 Rac8 19. Qe2 h6 20. Bf4 Na4 21. Rab1
Nc5 22. h3 Nxd3 23. Qxd3 Qd7 24. Nd4 Bxd4 25. Qxd4 Rc4 26. Qe5 Rfc8 27. Rbd1
R8c6 28. Be3 Bxh3 29. Rxd5 Qg4 30. Qg3 Rg6 31. Qxg4 Bxg4 32. Kf1 Be6 33. Ra5 Rh4
34. Kg1 Bd7 35. f3 a6 36. Rc1 Rh3 37. Kf1 Rh2 38. Rc2 Bh3 39. Rf2 Rhxg2 40. Ke2
Bd7 41. a4 Rg1 42. Rf1 Rxf1 43. Kxf1 Kh7 44. b4 Re6 45. Kf2 g5 46. Bd4 Rd6 47.
Ke3 Re6+ 48. Kf2 Rd6 49. Ke3 Be8 50. Bc5 Re6+ 51. Kf2 f6 52. b5 axb5 53. axb5
Re5 54. b6 Bc6 55. Bb4 Rxa5 56. Bxa5 Kg6 57. Bb4 h5 58. Be7 Bb7 59. Bd8 Ba8 60.
Be7 Kf7 61. Bd8 Ke6 62. Ke3 Kf5 63. Kf2 Bd5 64. Be7 Bc6 65. Bd8 Bb7 66. Be7 Bd5
67. Bd8 Ba8 68. Be7 Kg6 69. Ke3 f5 70. f4 h4 71. Kf2 h3 72. Kg3 g4 73. Bc5 Kf6
74. Bg1 Ke6 75. Bh2 Kd5 76. Kf2 Kc5 77. Bg3 Kxb6 78. Bh2 Be4 79. Bg3 Kc6 80. Bh2
Kd5 81. Bg3 Ke6 82. Bh2 Kf6 83. Kg3 Bf3 84. Kf2 Kg6 85. Kg3 Kh5 86. Bg1 1/2-1/2

[Event "World Rapid 2025"]
[Site "Doha QAT"]
[Date "2025.12.28"]
[Round "10.62"]
[White "Haug, Havard"]
[Black "Quparadze, Giga"]
[Result "0-1"]
[WhiteTitle "FM"]
[BlackTitle "GM"]
[WhiteElo "2416"]
[BlackElo "2502"]
[WhiteFideId "1547887"]
[BlackFideId "13602250"]
[EventDate "2025.12.26"]

1. d4 Nf6 2. Nf3 e6 3. c3 b6 4. Bg5 Bb7 5. Nbd2 d5 6. e3 Be7 7. Bd3 Nbd7 8. Qe2
c5 9. Ba6 Bxa6 10. Qxa6 O-O 11. O-O h6 12. Bh4 Qc7 13. Qe2 Rac8 14. e4 dxe4 15.
Nxe4 Rfe8 16. Bxf6 Nxf6 17. dxc5 Nxe4 18. Qxe4 Qxc5 19. Qe2 Qc4 20. Qxc4 Rxc4
21. Rad1 Rc7 22. Rd3 Rd8 23. Rfd1 Rxd3 24. Rxd3 Kf8 25. Kf1 a6 26. Ke2 Ke8 27.
b3 f6 28. g4 Kf7 29. a4 g6 30. Nd2 e5 31. f3 Ke6 32. Nf1 b5 33. axb5 axb5 34.
Ne3 Ra7 35. c4 bxc4 36. Nxc4 Bb4 37. h4 Ra2+ 38. Nd2 h5 39. gxh5 gxh5 40. Ke3 f5
41. Rd8 Ba5 42. Rd3 Bb6+ 43. Ke2 Bc5 44. Kf1 Ra1+ 45. Kg2 Rd1 46. Rd8 Be7 0-1

[Event "World Rapid 2025"]
[Site "Doha QAT"]
[Date "2025.12.28"]
[Round "10.63"]
[White "Idani, Pouya"]
[Black "Sankalp, Gupta"]
[Result "1-0"]
[WhiteTitle "GM"]
[BlackTitle "GM"]
[WhiteElo "2611"]
[BlackElo "2557"]
[WhiteFideId "12510130"]
[BlackFideId "5097010"]
[EventDate "2025.12.26"]

1. d4 Nf6 2. Nf3 d5 3. Bf4 g6 4. h3 Bg7 5. e3 O-O 6. Nbd2 c5 7. c3 Qb6 8. Qb3 c4
9. Qa3 Nc6 10. Be2 Nd7 11. O-O Re8 12. e4 e6 13. b3 cxb3 14. axb3 dxe4 15. Nxe4
e5 16. dxe5 Ndxe5 17. Rad1 Nxf3+ 18. Bxf3 Ne5 19. Bxe5 Bxe5 20. c4 Bf5 21. c5
Qb5 22. Nd6 Bxd6 23. cxd6 Bc2 24. d7 Red8 25. Rd5 Qxb3 26. Qe7 Bf5 27. Re1 Qa4
28. Red1 Qa6 29. Rd6 Qa4 30. Bxb7 Rab8 31. Bc8 Rbxc8 32. dxc8=Q Rxc8 33. Rd8+
Rxd8 34. Rxd8+ Kg7 35. Qe5+ Kh6 36. Rd4 Qa1+ 37. Kh2 Qc1 38. Rh4+ Kg5 39. f4+ 1-0

[Event "World Rapid 2025"]
[Site "Doha QAT"]
[Date "2025.12.28"]
[Round "10.64"]
[White "Warmerdam, Max"]
[Black "Gharibyan, Mamikon"]
[Result "1/2-1/2"]
[WhiteTitle "GM"]
[BlackTitle "GM"]
[WhiteElo "2573"]
[BlackElo "2491"]
[WhiteFideId "1048104"]
[BlackFideId "13308300"]
[EventDate "2025.12.26"]

1. c4 e6 2. g3 d5 3. Bg2 Nf6 4. Nf3 Be7 5. d4 O-O 6. O-O dxc4 7. Qc2 a6 8. a4
Bd7 9. Qxc4 Bc6 10. Bd2 Bd5 11. Qc1 Nc6 12. e3 a5 13. Bc3 Nb4 14. Nbd2 c5 15.
dxc5 Rc8 16. Rd1 Bxc5 17. Qb1 h6 18. e4 Bc6 19. Nb3 Qb6 20. Nxc5 Qxc5 21. Nd4
Ng4 22. Rd2 Rfd8 23. h3 Nxf2 24. Nb3 Qb6 25. Kh2 Rxd2 26. Nxd2 Nfd3 27. Qf1 Rd8
28. Qe2 Qc7 29. Nc4 e5 30. b3 f6 31. Ne3 Be8 32. Bd2 b6 33. Rd1 Bf7 34. Nd5 Nxd5
35. exd5 Nc5 36. Be3 Nxb3 37. Qg4 h5 38. Qf5 Nc5 39. Bxc5 Qxc5 40. Be4 Kf8 41.
Rd2 Qd6 42. Qh7 b5 43. axb5 a4 44. Qh8+ Ke7 45. Qxg7 Rg8 46. Qh6 f5 47. Qxd6+
Kxd6 48. Bxf5 a3 49. b6 Rb8 50. Ra2 Rxb6 51. Rxa3 Rb2+ 52. Kg1 Bxd5 53. Bg6 h4
54. Kf1 hxg3 55. Rxg3 e4 56. h4 Ke5 57. h5 Kf4 58. Bxe4 Bxe4 59. Rc3 Rh2 60. Ke1
Rxh5 61. Kd2 Rh2+ 62. Kc1 Ke5 63. Rc4 Kd5 64. Rb4 Bd3 65. Rb2 Rh1+ 66. Kd2 Kd4
67. Rb4+ Bc4 68. Rb2 Rg1 69. Kc2 Rg2+ 70. Kc1 Rg8 71. Rh2 Bd3 72. Rf2 Ke3 73.
Rh2 Rc8+ 74. Kd1 Be4 75. Re2+ Kd4 76. Rd2+ Bd3 77. Rh2 Rb8 78. Rh6 Kc3 79. Ke1
Rf8 80. Rh1 Rf7 81. Rg1 Rf3 82. Rh1 Kd4 83. Rh2 Rf8 84. Rf2 Ra8 85. Rb2 Kc3 86.
Rh2 Ra1+ 87. Kf2 Rf1+ 88. Ke3 Re1+ 89. Kf4 Kd4 90. Ra2 Rf1+ 91. Kg5 Be4 92. Ra4+
Ke5 93. Ra5+ Bd5 94. Kh5 Rg1 95. Rb5 Ke4 96. Kh6 Be6 97. Rg5 Ra1 98. Kg6 Ra6 99.
Rg1 Bf5+ 100. Kf7 Ke5 101. Re1+ Be4 102. Ke8 Ra7 103. Re2 Kf5 104. Kd8 Ra4 105.
Ke7 Ke5 106. Re1 Ra2 107. Ke8 Kd5 108. Kf8 Rg2 109. Kf7 Bd3 110. Re3 Kd4 111.
Re1 Bc4+ 112. Kf6 Rf2+ 113. Kg5 Bd5 114. Ra1 Ke5 115. Ra5 Rg2+ 116. Kh5 Rg1 117.
Rb5 Ke4 118. Kh6 Bf7 119. Rg5 Rh1+ 120. Kg7 Be6 121. Kf6 Bc4 122. Ke7 Kf4 123.
Ra5 1/2-1/2

[Event "World Rapid 2025"]
[Site "Doha QAT"]
[Date "2025.12.28"]
[Round "10.65"]
[White "Klukin, Kirill"]
[Black "Vokhidov, Shamsiddin"]
[Result "0-1"]
[WhiteTitle "IM"]
[BlackTitle "GM"]
[WhiteElo "2414"]
[BlackElo "2641"]
[WhiteFideId "24199273"]
[BlackFideId "14204223"]
[EventDate "2025.12.26"]

1. d4 Nf6 2. c4 e6 3. Nc3 Bb4 4. e3 c5 5. Ne2 d5 6. a3 Ba5 7. dxc5 dxc4 8. Qxd8+
Kxd8 9. Bd2 Nbd7 10. Nd4 Nd5 11. Ne4 Bxd2+ 12. Kxd2 N5f6 13. Nxf6 gxf6 14. c6
Nb6 15. Rc1 e5 16. Nb5 Ke7 17. Bxc4 bxc6 18. Nc7 Nxc4+ 19. Rxc4 Rb8 20. Rxc6
Rxb2+ 21. Kc3 Rxf2 22. Nd5+ Kd7 23. Rxf6 Rxf6 24. Nxf6+ Ke6 25. Rf1 Ba6 26. Rf2
Rc8+ 27. Kb3 Bd3 28. g4 Rc1 29. e4 h6 30. Ng8 Bxe4 31. Rf6+ Kd5 32. Nxh6 Kd4 33.
Nxf7 Bd5+ 34. Kb4 e4 35. Nh6 Rb1+ 36. Ka5 Bc4 37. Nf5+ Kc5 38. a4 Rb6 39. g5 Rb3
40. Ng3 e3 41. Rf5+ Kd4 42. g6 Rb6 43. Rf4+ Kc3 44. Ne4+ Kb3 45. Nc5+ Kc3 46.
Ne4+ Kb3 47. Nc5+ Kc3 48. Ne4+ Kb2 49. g7 e2 50. Rf2 Ka3 51. Rf3+ Rb3 52. Rxb3+
Bxb3 0-1

[Event "World Rapid 2025"]
[Site "Doha QAT"]
[Date "2025.12.28"]
[Round "10.66"]
[White "Nikitenko, Mihail"]
[Black "Makhnev, Denis"]
[Result "1/2-1/2"]
[WhiteTitle "GM"]
[BlackTitle "GM"]
[WhiteElo "2476"]
[BlackElo "2532"]
[WhiteFideId "13506862"]
[BlackFideId "13707647"]
[EventDate "2025.12.26"]

1. d4 d5 2. c4 e6 3. Nf3 Nf6 4. Nc3 h6 5. Bf4 Bd6 6. Bxd6 Qxd6 7. e3 O-O 8. Rc1
a6 9. cxd5 exd5 10. Bd3 Re8 11. O-O Bg4 12. h3 Bxf3 13. Qxf3 Nbd7 14. Rfd1 c6
15. Bb1 g6 16. a3 1/2-1/2

[Event "World Rapid 2025"]
[Site "Doha QAT"]
[Date "2025.12.28"]
[Round "10.67"]
[White "Orozbaev, Eldiyar"]
[Black "Can, Emre"]
[Result "1-0"]
[WhiteTitle "IM"]
[BlackTitle "GM"]
[WhiteElo "2348"]
[BlackElo "2541"]
[WhiteFideId "13802240"]
[BlackFideId "6302181"]
[EventDate "2025.12.26"]

1. e4 c5 2. c3 Nf6 3. e5 Nd5 4. Nf3 d6 5. exd6 e6 6. g3 Bxd6 7. Bg2 O-O 8. O-O
Nc6 9. d4 Nf6 10. dxc5 Bxc5 11. Qe2 Qe7 12. Nbd2 e5 13. b4 Bd6 14. Nc4 a6 15.
Nxd6 Qxd6 16. Re1 e4 17. Ng5 Bf5 18. Bf4 Qe7 19. Nxe4 Nxe4 20. Bxe4 Bxe4 21.
Qxe4 Qf6 22. Qe3 h6 23. Rad1 Rfe8 24. Qxe8+ Rxe8 25. Rxe8+ Kh7 26. Re3 Qf5 27.
Red3 g5 28. Bc7 Ne7 29. a4 h5 30. f3 h4 31. Kf2 Ng6 32. R1d2 Qe6 33. Bd6 Qb3 34.
a5 Qb1 35. Ke3 Qg1+ 36. Ke4 Qe1+ 37. Kd4 Ne7 38. Bxe7 Qxe7 39. gxh4 gxh4 40. Kc4
Qe6+ 41. Rd5 Qe3 42. R2d4 Qxf3 43. Rxh4+ Kg6 44. Rdd4 f5 45. Kb3 Qf1 46. Rhf4
Qb1+ 47. Kc4 Qa2+ 48. Kc5 Qxh2 49. Kb6 Qg2 50. Rc4 Kg5 51. Rfd4 Qh1 52. Rc5 Kf6
53. Rf4 Ke6 54. Rfxf5 Qg2 55. Rfd5 Qg7 56. Rd4 Qg2 57. Rc7 Qf3 58. Rdc4 Kd6 59.
R4c5 1-0

[Event "World Rapid 2025"]
[Site "Doha QAT"]
[Date "2025.12.28"]
[Round "10.68"]
[White "George Samir, David"]
[Black "Pranesh, M"]
[Result "0-1"]
[WhiteTitle "IM"]
[BlackTitle "GM"]
[WhiteElo "2343"]
[BlackElo "2627"]
[WhiteFideId "10657789"]
[BlackFideId "35028600"]
[EventDate "2025.12.26"]

1. e4 e5 2. Nf3 Nc6 3. Nc3 Nf6 4. Nd5 d6 5. d4 Nxe4 6. Bb5 Nf6 7. Bg5 Be7 8.
Bxc6+ bxc6 9. Nxe7 Qxe7 10. dxe5 dxe5 11. Qe2 h6 12. Bxf6 gxf6 13. O-O-O Be6 14.
Rhe1 Qb4 15. a3 Qf4+ 16. Nd2 Rb8 17. g3 Qd4 18. Nb3 Qb6 19. f4 c5 20. Qf2 c4 21.
Qxb6 axb6 22. Nd2 Bg4 23. fxe5 Bxd1 24. exf6+ Kf8 25. Rxd1 Rd8 26. Nxc4 Rxd1+
27. Kxd1 Ke8 28. Ne5 Rg8 29. Kd2 Rg5 30. Nd3 Rf5 31. Nf4 Rxf6 32. Ke3 Rd6 33.
Nd3 Kd7 34. c4 Re6+ 35. Kf3 Kd6 36. b4 c5 37. h3 Re8 38. a4 cxb4 39. Nxb4 Kc5
40. Nd5 Ra8 41. Kg4 Rxa4 42. Kh5 Rxc4 43. Nf4 Rc3 44. g4 Rf3 0-1

[Event "World Rapid 2025"]
[Site "Doha QAT"]
[Date "2025.12.28"]
[Round "10.85"]
[White "Le, Tuan Minh"]
[Black "Siddharth, Jagadeesh"]
[Result "1-0"]
[WhiteTitle "GM"]
[BlackTitle "GM"]
[WhiteElo "2598"]
[BlackElo "2489"]
[WhiteFideId "12401153"]
[BlackFideId "5818320"]
[EventDate "2025.12.26"]

1. d4 Nf6 2. c4 e6 3. Nc3 Bb4 4. Nf3 b6 5. Qb3 c5 6. dxc5 bxc5 7. g3 O-O 8. Bg2
Nc6 9. O-O Na5 10. Qc2 Nxc4 11. Na4 d5 12. a3 Ba5 13. b3 Nd6 14. Nxc5 Nde4 15.
Be3 Bb6 16. b4 Bxc5 17. bxc5 Ba6 18. Ne5 Qc7 19. Bd4 Rfc8 20. Rfc1 Rab8 21. c6
Nd6 22. Qc5 Bxe2 23. Rab1 Nc4 24. f4 h6 25. Kf2 Rxb1 26. Rxb1 Nd2 27. Rb7 Nde4+
28. Bxe4 Nxe4+ 29. Kxe2 Nxc5 30. Rxc7 Rxc7 31. Bxc5 f6 32. Bd6 Rc8 33. Ng6 1-0

[Event "World Rapid 2025"]
[Site "Doha QAT"]
[Date "2025.12.28"]
[Round "10.86"]
[White "Mamedov, Edgar"]
[Black "Adhiban, Baskaran"]
[Result "1/2-1/2"]
[WhiteTitle "GM"]
[BlackTitle "GM"]
[WhiteElo "2492"]
[BlackElo "2557"]
[WhiteFideId "13739980"]
[BlackFideId "5018471"]
[EventDate "2025.12.26"]

1. d4 d5 2. c4 e6 3. Nf3 Bb4+ 4. Bd2 Be7 5. Nc3 Nf6 6. Bf4 c5 7. dxc5 Bxc5 8. e3
Nc6 9. a3 O-O 10. Qc2 Re8 11. O-O-O e5 12. Bg5 d4 13. Nd5 Be6 14. Bd3 h6 15.
Bxf6 gxf6 16. Nh4 Bf8 17. Qe2 b5 18. Qf3 f5 19. Nxf5 bxc4 20. Bxc4 Na5 21. Ba2
Qc8+ 22. Kd2 Bxf5 23. Rc1 Qe6 24. e4 h5 25. exf5 Qh6+ 26. Kd1 Rac8 27. Rc2 Rxc2
28. Kxc2 e4 29. Qg3+ Kh8 30. Qc7 Qc6+ 31. Qxc6 Nxc6 32. Nf6 Re5 33. Bd5 d3+ 34.
Kb1 Rxf5 35. Bxc6 Rxf6 36. Bxe4 Rxf2 37. Rd1 Bg7 38. Rxd3 Rxb2+ 39. Kc1 Bf6 40.
Rd7 Re2 41. Bf3 Re7 42. Rxe7 Bxe7 43. Kb2 h4 1/2-1/2

[Event "World Rapid 2025"]
[Site "Doha QAT"]
[Date "2025.12.28"]
[Round "10.87"]
[White "Daneshvar, Bardiya"]
[Black "Rakotomaharo, Fy Antenaina"]
[Result "1-0"]
[WhiteTitle "GM"]
[BlackTitle "IM"]
[WhiteElo "2600"]
[BlackElo "2434"]
[WhiteFideId "12576468"]
[BlackFideId "13100050"]
[EventDate "2025.12.26"]

1. e4 e5 2. Nf3 Nc6 3. Bb5 a6 4. Ba4 d6 5. O-O Bd7 6. c3 Nge7 7. d4 Ng6 8. Re1
Be7 9. d5 Nb8 10. c4 O-O 11. Bc2 Nh4 12. Nxh4 Bxh4 13. Nc3 Bg5 14. b4 a5 15. b5
b6 16. Bb2 Bc8 17. a4 Nd7 18. Ra3 Nc5 19. Ne2 f5 20. exf5 Bxf5 21. Bxf5 Rxf5 22.
Qc2 Qd7 23. Rh3 g6 24. Ng3 Rf7 25. Ba3 Bf4 26. Ne2 Qf5 27. Qxf5 Rxf5 28. Bxc5
bxc5 29. Rb1 Bd2 30. Rb2 Be1 31. Ng3 Rf4 32. Re2 Bb4 33. Ne4 Rb8 34. Rd3 Kg7 35.
g3 Rf5 36. Kg2 h6 37. Rf3 Kf7 38. Ree3 Ke7 39. g4 Rxf3 40. Rxf3 Rg8 41. Rf6 Ba3
42. Re6+ Kd8 43. h4 Bc1 44. Kf3 h5 45. g5 Rf8+ 46. Nf6 Bb2 47. Ke2 e4 48. Nxe4
Rf4 49. f3 Rxh4 50. Rxg6 Rh2+ 51. Kf1 Rc2 52. b6 cxb6 53. Rxd6+ Kc7 54. Rc6+ Kb7
55. Nd6+ Ka6 56. Rc8 1-0

[Event "World Rapid 2025"]
[Site "Doha QAT"]
[Date "2025.12.28"]
[Round "10.88"]
[White "Zhang, Zhong"]
[Black "Piliposyan, Robert"]
[Result "1/2-1/2"]
[WhiteTitle "GM"]
[BlackTitle "IM"]
[WhiteElo "2561"]
[BlackElo "2442"]
[WhiteFideId "8600694"]
[BlackFideId "13309978"]
[EventDate "2025.12.26"]

1. e4 e6 2. d4 d5 3. exd5 exd5 4. Nf3 Nc6 5. Bb5 Bd6 6. c4 dxc4 7. O-O Ne7 8.
Bxc4 O-O 9. h3 h6 10. Re1 Bf5 11. Nc3 Nb4 12. Ne4 c6 13. a3 Nbd5 14. Nxd6 Qxd6
15. Ne5 Rad8 16. Qf3 Qf6 17. Ng4 Qxd4 18. Nxh6+ gxh6 19. Bxd5 Qxd5 20. Rxe7 Qxf3
21. gxf3 Rd1+ 22. Kh2 Rfd8 23. b4 Rf1 24. Re5 Be6 25. Bg5 Rxa1 26. Bxd8 Rxa3 27.
Kg3 Rb3 28. Be7 Kg7 29. Re3 Rb1 30. h4 Kg6 31. Kf4 Rd1 32. Re5 Rd4+ 33. Ke3 Rc4
34. h5+ Kg7 35. f4 Rc3+ 36. Ke4 f5+ 37. Kd4 Rc4+ 38. Kd3 Kf7 39. Bd6 Rc1 40. Kd2
Rh1 41. b5 cxb5 42. Rc5 Bc4 43. Rc7+ Ke6 44. Bb4 Rxh5 45. Rxb7 Rh3 46. Rxa7 Rf3
47. Ra6+ Kd5 48. Rd6+ Ke4 49. Bc5 Kxf4 50. Rxh6 Rd3+ 51. Kc2 Rd5 52. Be3+ Kf3
53. Rh4 Ke2 54. Rd4 Re5 55. Kc3 Re8 56. Rd2+ Kf3 57. Rd4 Ke2 58. Rd2+ Kf3 59.
Rd4 Rxe3+ 60. fxe3 Kxe3 61. Rd8 f4 62. Re8+ Kf2 63. Kd2 f3 64. Rf8 Be2 65. Rf4
Bc4 66. Rf8 Bf1 67. Rf6 Be2 68. Rf4 Kg2 69. Ke3 Kg3 70. Rf8 Kg2 71. Rf6 b4 72.
Rg6+ Kf1 73. Rb6 Ke1 74. Rxb4 f2 75. Rb1+ Bd1 76. Rxd1+ Kxd1 77. Kxf2 1/2-1/2

[Event "World Rapid 2025"]
[Site "Doha QAT"]
[Date "2025.12.28"]
[Round "10.89"]
[White "Vetokhin, Savva"]
[Black "Sapenov, Daniyal"]
[Result "1-0"]
[WhiteTitle "GM"]
[BlackTitle "IM"]
[WhiteElo "2572"]
[BlackElo "2440"]
[WhiteFideId "44144474"]
[BlackFideId "13728911"]
[EventDate "2025.12.26"]

1. d4 Nf6 2. c4 e6 3. Nf3 d5 4. g3 Bb4+ 5. Nbd2 O-O 6. Bg2 b6 7. O-O Bb7 8. b3
Bc3 9. Ba3 Bxa1 10. Bxf8 Qxf8 11. Qxa1 Nbd7 12. Rd1 Rd8 13. Ne5 c6 14. e4 Nxe5
15. dxe5 Nxe4 16. Nxe4 dxe4 17. Bxe4 g6 18. Qc1 Rxd1+ 19. Qxd1 Qc8 20. c5 bxc5
21. Qd6 c4 22. Qc5 cxb3 23. axb3 Qb8 24. b4 Qf8 25. Qd6 a6 26. Qd2 Qe7 27. h4 h5
28. Kh2 Kg7 29. Bf3 Qc7 30. Qd4 Kg8 31. Qc5 Kg7 32. Kg1 Qd8 33. Kg2 Qc7 34. Be4
Qd8 35. Qa7 Qc7 36. Kf3 Qd7 37. Ke3 Qc8 38. Qc5 Qc7 39. Qa7 Qc8 40. f3 Qd7 41.
g4 hxg4 42. fxg4 Qc7 43. g5 Qd7 44. Qb8 a5 45. Qd6 Qc8 46. bxa5 c5 47. Bxb7 Qxb7
48. Qxc5 Qb3+ 49. Kd4 Qa4+ 50. Kc3 Qa1+ 51. Kb4 Qe1+ 52. Kb5 Qxh4 53. a6 Qxg5
54. a7 Qd8 55. Qc6 Qd3+ 56. Kb6 Qd4+ 57. Kb7 Qb4+ 58. Kc8 1-0

[Event "World Rapid 2025"]
[Site "Doha QAT"]
[Date "2025.12.28"]
[Round "10.90"]
[White "Bharath, Subramaniyam H"]
[Black "Sklokin, Sergey"]
[Result "0-1"]
[WhiteTitle "GM"]
[BlackTitle "FM"]
[WhiteElo "2576"]
[BlackElo "2407"]
[WhiteFideId "46634827"]
[BlackFideId "55730230"]
[EventDate "2025.12.26"]

1. e4 c6 2. d4 d5 3. Nc3 dxe4 4. Nxe4 Nf6 5. Nxf6+ exf6 6. Be3 Na6 7. a3 Bd6 8.
Bd3 O-O 9. Ne2 Nc7 10. c4 Re8 11. O-O Bg4 12. Qc2 Bxe2 13. Bxe2 g6 14. Rad1 f5
15. Bf3 Ne6 16. d5 cxd5 17. Bxd5 Qc7 18. h3 Bf4 19. Bd4 Nxd4 20. Rxd4 Be5 21.
Rd3 Rad8 22. b4 b6 23. c5 bxc5 24. bxc5 Qe7 25. Qc4 Bc7 26. h4 Kg7 27. Qc3+ Be5
28. Qc4 Bc7 29. Rdd1 Qe5 30. g3 Qf6 31. Bf3 f4 32. g4 Qxh4 33. Kg2 Qg5 34. Rxd8
Rxd8 35. Re1 h5 36. Qc3+ Kg8 37. Kh3 hxg4+ 38. Bxg4 f3 39. Qxf3 f5 40. Qb3+ Kg7
41. Qc3+ Kh7 42. Bf3 Rh8 43. Bd5 Qg4# 0-1